00643nam a22001937a 4500999001900000005001700019010001500036020002600051035001400077037001300091082001100104100002100115245005100136260003900187270004200226300002000268942002500288952013600313 c172718d17271820200211172616.0 aENG-127695 c250.00a9789352666911 aEN-111227 bDBAD/PUB a250.34 aJagriti Shivpuri aI the inception of jirikicby Jagriti Shivpuri aNew Delhic2018bPrabhat Prakashan a4/19 AsafAli Road,aNew Delhie110002 a119p.b22cm(hb) 2ddccENh250.34mJAG 001040708NFICaAVbAVd2020-02-11eDBAD/PUBg250.00l1m1o250.34 JAGpEN-111227r2023-07-26 00:00:00s2023-06-26t1v250.00yEN